| 000 | 00765nam a2200241 a 4500 | ||
|---|---|---|---|
| 001 | BRCA_5975 | ||
| 005 | 20190320205301.0 | ||
| 008 | 280311s2010----mx-a######---#000-0#spa-# | ||
| 020 | _a9786070212802 | ||
| 041 | _aspa | ||
| 044 | _amx | ||
| 050 | 4 |
_aTP979.5 _b.L67 2010 |
|
| 100 | 1 |
_aLópez Rodríguez, María del Carmen _915085 |
|
| 245 | 1 | 0 |
_aResina copal y su inserción en nuevos aglutinantes para pintura _cMaría del Carmen López Rodríguez. |
| 260 |
_aMéxico _bUNAM, Escuela Nacional de Artes Plásticas _c2010 |
||
| 300 |
_a119 p. _bil. a color _c22 cm. |
||
| 504 | _aBibliografía: p. 117-119 | ||
| 650 | 1 | 4 |
_aCopal _915086 |
| 650 | 1 | 4 |
_aGomas y resinas _915087 |
| 650 | 1 | 4 |
_aPinturas _xPruebas _915088 |
| 650 | 1 | 4 |
_aAdhesivos _915089 |
| 942 |
_2lcc _cB |
||
| 999 |
_c5664 _d5664 |
||